00500 2200181 4500245002700000250001500027100001100042700001500053650003600068650001000104005001900114260009800133041001400231084000800245300001900253490003700272336000900309 aParagrafcSuladihText aEd. Revisi aSuladi aEko Marini aTata Penulisan Bahasa Indonesia aEbook a20241104081049 aJakartabBadan Pengembangan Bahasa dan Perbukuan, Kementerian Pendidikan dan Kebudayaanc2019 aIndonesia a411 aix :c119 hlm. aSeri Penyuluhan Bahasa Indonesia atext